[Event "57th Capablanca Mem Elite"]
[Site "Havana CUB"]
[Date "2024.05.10"]
[Round "8.2"]
[White "Ponomariov, Ruslan"]
[Black "Albornoz Cabrera, Carlos Daniel"]
[Result "1/2-1/2"]
[WhiteTitle "GM"]
[BlackTitle "GM"]
[WhiteElo "2646"]
[BlackElo "2604"]
[WhiteFideId "14103320"]
[BlackFideId "3518736"]
[EventDate "2024.05.03"]

1. d4 Nf6 2. c4 e6 3. Nf3 d5 4. Nc3 Bb4 5. Qa4+ Nc6 6. Bd2 O-O 7. a3 Bxc3 8.
Bxc3 Ne4 9. Qc2 e5 10. cxd5 Qxd5 11. dxe5 Rd8 1/2-1/2

[Event "57th Capablanca Mem Elite"]
[Site "Havana CUB"]
[Date "2024.05.10"]
[Round "8.3"]
[White "Romanov, Evgeny"]
[Black "Quesada Perez, Luis Ernesto"]
[Result "1/2-1/2"]
[WhiteTitle "GM"]
[BlackTitle "GM"]
[WhiteElo "2598"]
[BlackElo "2567"]
[WhiteFideId "4148843"]
[BlackFideId "3520773"]
[EventDate "2024.05.03"]

1. e4 e5 2. Nf3 Nc6 3. Bb5 Nf6 4. O-O Nxe4 5. d4 Nd6 6. dxe5 Nxb5 7. a4 Nbd4 8.
Nxd4 d5 9. c3 Be7 10. f4 g6 11. Be3 O-O 12. a5 Nxd4 13. cxd4 f6 14. Nc3 c6 15.
Qb3 Rf7 16. Na4 Rb8 17. Qc3 Qe8 18. Nc5 fxe5 19. fxe5 Rxf1+ 20. Rxf1 b6 21. axb6
axb6 22. e6 Bf8 23. Bf4 Ra8 24. Nd3 Bxe6 25. Bc7 Ra6 26. b4 Bf5 27. Ne5 b5 28.
Ba5 h5 29. h3 Qe6 30. Qe3 Bg7 31. Qg5 Bf6 32. Qh6 c5 33. g4 hxg4 34. hxg4 Be4
35. Rf4 g5 36. Rxf6 Qxf6 37. Qxf6 Rxf6 38. bxc5 Ra6 39. Be1 Kf8 40. c6 Ra7 41.
Kf2 Ke7 42. Bb4+ Kd8 43. Bd6 Ra2+ 44. Ke1 Kc8 45. Nd7 Rc2 46. Ne5 Ra2 47. Nd7
Ra6 48. Ne5 Ra4 49. Nd7 Kd8 50. Ne5 b4 51. c7+ Kc8 52. Nc6 Kd7 53. Ne7 Ra8 54.
c8=Q+ Rxc8 55. Nxc8 b3 56. Ba3 Kxc8 57. Kd2 Kd7 58. Kc3 Bc2 59. Bc1 Bd1 60. Bxg5 1/2-1/2

[Event "57th Capablanca Mem Elite"]
[Site "Havana CUB"]
[Date "2024.05.11"]
[Round "9.1"]
[White "Quesada Perez, Luis Ernesto"]
[Black "Ponomariov, Ruslan"]
[Result "1/2-1/2"]
[WhiteTitle "GM"]
[BlackTitle "GM"]
[WhiteElo "2567"]
[BlackElo "2646"]
[WhiteFideId "3520773"]
[BlackFideId "14103320"]
[EventDate "2024.05.03"]

1. d4 Nf6 2. c4 e6 3. Nc3 Bb4 4. Qc2 d5 5. cxd5 exd5 6. Bg5 h6 7. Bh4 g5 8. Bg3
Ne4 9. e3 h5 10. f3 Nxg3 11. hxg3 Nc6 12. a3 Bxc3+ 13. Qxc3 Qd6 14. Kf2 Bd7 15.
Bd3 O-O-O 16. Rc1 Ne7 17. Qc5 Bf5 18. Qxd6 Rxd6 19. Bxf5+ Nxf5 20. g4 Ng7 21.
gxh5 Rxh5 22. Rxh5 Nxh5 23. Ne2 Rb6 24. Rc2 Nf6 25. Nc3 Re6 26. g4 Kd7 27. Rc1
c6 28. Rh1 Ne8 29. Rh5 Rg6 30. Rh8 Nd6 31. b3 Re6 32. Rh7 Re7 33. Rh5 f6 34. Ke2
Ne8 35. Kd3 Ng7 36. Rh8 f5 37. Rh6 Re6 38. Rh7 Re7 39. Rh6 Re6 40. Rh8 Re7 41.
Rh6 1/2-1/2

[Event "57th Capablanca Mem Elite"]
[Site "Havana CUB"]
[Date "2024.05.11"]
[Round "9.2"]
[White "Aryan, Chopra"]
[Black "Romanov, Evgeny"]
[Result "1/2-1/2"]
[WhiteTitle "GM"]
[BlackTitle "GM"]
[WhiteElo "2630"]
[BlackElo "2598"]
[WhiteFideId "5084423"]
[BlackFideId "4148843"]
[EventDate "2024.05.03"]

1. e4 c5 2. Nf3 e6 3. d4 cxd4 4. Nxd4 Nf6 5. Nc3 Nc6 6. Ndb5 Bb4 7. a3 Bxc3+ 8.
Nxc3 d5 9. Bd3 dxe4 10. Nxe4 Nxe4 11. Bxe4 Qxd1+ 12. Kxd1 Bd7 13. Re1 O-O-O 14.
Bd2 e5 15. a4 f6 16. Ra3 Nd4 17. b4 Be6 18. Kc1 Kb8 19. f4 f5 20. Bf3 e4 21. Bd1
Rd7 22. Rc3 Rhd8 23. Be3 Nc6 24. Bc5 Ne7 25. Bxe7 Rxe7 26. Be2 b6 27. h4 Rc7 28.
Kb2 a5 29. bxa5 bxa5 30. Rxc7 Kxc7 31. Kc3 Rd6 32. Bb5 Bf7 33. g3 Bh5 34. Bc4
Rb6 35. Bb5 Rd6 36. Bc4 Be8 37. Rg1 Bd7 38. Bg8 Rc6+ 39. Kd2 h6 40. Bb3 Kb6 41.
Rb1 Kc5 42. Kc3 Rg6 43. Rg1 Rd6 44. Bf7 Rd4 45. Bb3 Be8 46. Rb1 e3 47. Re1 Re4
48. Kd3 Kb4 49. Bd5 Re7 50. c3+ Kxa4 51. Rxe3 Rxe3+ 52. Kxe3 Ka3 53. Kd4 a4 54.
Ke5 Kb2 55. c4 Bc6 56. Bg8 a3 57. c5 Ba4 58. Kxf5 Bc2+ 59. Kg4 Bd1+ 60. Kf5 Bc2+
61. Kg4 Bd1+ 62. Kf5 Bc2+ 1/2-1/2

[Event "57th Capablanca Mem Elite"]
[Site "Havana CUB"]
[Date "2024.05.11"]
[Round "9.3"]
[White "Albornoz Cabrera, Carlos Daniel"]
[Black "Andersen, Mads"]
[Result "1-0"]
[WhiteTitle "GM"]
[BlackTitle "GM"]
[WhiteElo "2604"]
[BlackElo "2598"]
[WhiteFideId "3518736"]
[BlackFideId "1413864"]
[EventDate "2024.05.03"]

1. e4 e5 2. Nf3 Nc6 3. Bb5 a6 4. Ba4 Nf6 5. O-O Be7 6. Re1 b5 7. Bb3 O-O 8. a4
Bb7 9. d3 d6 10. h3 Na5 11. Ba2 c5 12. Nbd2 bxa4 13. Nf1 Rb8 14. Ne3 Bc8 15. Bd2
Bd7 16. b3 a3 17. Bb1 Nc6 18. Rxa3 a5 19. c3 Be6 20. Bc2 Ra8 21. Ra4 Nd7 22. Nd5
Nb6 23. Nxe7+ Qxe7 24. Ra1 h6 25. d4 cxd4 26. cxd4 exd4 27. Bc1 Rfc8 28. Bb2 Nb4
29. Bb1 d3 30. Nd4 Qf6 31. Bxd3 a4 32. Bb1 Bxb3 33. e5 Bxd1 34. exf6 Bc2 35.
fxg7 Nc4 36. Bc3 Bxb1 37. Raxb1 Nd5 38. Ba1 Kxg7 39. Rb5 Ncb6 40. Nf5+ Kg6 41.
Bd4 Rcb8 42. Ne3 Nxe3 43. Rxe3 Nc4 44. Rg3+ Kh7 45. Rf5 f6 46. Rxf6 Rf8 47. Rfg6
Ne5 48. Rxd6 Rae8 49. Rd5 Rf5 50. Kh1 Re7 51. Re3 a3 52. Rexe5 Rfxe5 53. Rxe5
Rd7 54. Bc3 Rc7 55. Bd4 Rd7 56. Ra5 Rxd4 57. Rxa3 h5 58. g3 Kg6 59. Kg2 Rd5 60.
Ra4 Rd3 61. Ra5 Rd4 62. Re5 Ra4 63. Kf3 Ra3+ 64. Re3 Ra5 65. g4 Kg5 66. Kg3 hxg4
67. hxg4 Ra1 68. Re5+ Kf6 69. Kf4 Rf1 70. g5+ Kg6 71. Re6+ Kf7 72. Rf6+ Kg7 73.
f3 Ra1 74. Rb6 Ra4+ 75. Kf5 Ra5+ 76. Kg4 Ra4+ 77. f4 Kf7 78. Rf6+ Kg7 79. Kh5
Rb4 80. Rf5 Ra4 81. g6 Kg8 82. Rf7 Ra5+ 83. f5 Ra1 84. Rd7 1-0

[Event "57th Capablanca Mem Elite"]
[Site "Havana CUB"]
[Date "2024.05.12"]
[Round "10.1"]
[White "Romanov, Evgeny"]
[Black "Andersen, Mads"]
[Result "1-0"]
[WhiteTitle "GM"]
[BlackTitle "GM"]
[WhiteElo "2598"]
[BlackElo "2598"]
[WhiteFideId "4148843"]
[BlackFideId "1413864"]
[EventDate "2024.05.03"]

1. d4 d5 2. c4 e6 3. Nf3 Nf6 4. g3 h6 5. Bg2 Bd6 6. O-O O-O 7. Nc3 Nc6 8. Nb5
dxc4 9. Nd2 Be7 10. Nxc4 a6 11. Nc3 Qxd4 12. Qxd4 Nxd4 13. Rd1 Nb5 14. Na5 c6
15. Nc4 e5 16. Nxe5 Be6 17. Be3 Rad8 18. Bb6 Rxd1+ 19. Nxd1 Nd5 20. Ba5 Bf6 21.
Nd3 Bg4 22. e4 b6 23. exd5 bxa5 24. Ne3 Bc8 25. dxc6 Nc7 26. Nc4 Rd8 27. Nc5 Bf5
28. Rc1 Bg5 29. Re1 Rd4 30. b3 Kf8 31. Ne5 Be7 32. Ned7+ Bxd7 33. Nxd7+ Ke8 34.
Bf1 Rd2 35. a4 Rd6 36. Ne5 f6 37. Ng6 Re6 38. Rxe6 Nxe6 39. Bc4 Nc7 40. Kg2 Bc5
41. f4 Kd8 42. Kf3 Ne8 43. Ke4 Kc7 44. Kd5 Kb6 45. Ke6 Kxc6 46. Bd5+ Kb6 47. Kf7
Nd6+ 48. Kxg7 Bg1 49. Kxf6 Kc5 50. Ke6 Ne8 51. Bc4 Bxh2 52. g4 h5 53. g5 h4 54.
Nxh4 Bxf4 55. g6 Ng7+ 56. Kf6 Nh5+ 57. Kf7 Be5 58. Nf5 Kb4 59. g7 Bxg7 60. Nxg7
Ng3 61. Ne6 Ne4 62. Nc7 Ka3 63. Nxa6 Nc3 64. Ke6 Nxa4 65. bxa4 Kxa4 66. Kd5 Ka3
67. Kc5 a4 68. Kb5 Kb2 69. Kxa4 Kc3 70. Kb5 Kd4 71. Nb4 Ke4 72. Kc5 Ke5 73. Bd5
Kf6 74. Kd6 Kf5 75. Nd3 Kf6 76. Be6 Kg5 77. Ke5 Kg6 78. Nf4+ Kg7 79. Bd5 Kf8 80.
Ng6+ Kg7 81. Kf5 Kh6 82. Kf6 Kh5 83. Bf3+ Kh6 84. Ne5 Kh7 85. Nf7 Kg8 86. Be4
Kf8 87. Bh7 Ke8 88. Ne5 Kd8 89. Be4 Ke8 90. Bd5 Kd8 91. Ke6 Kc7 92. Nc4 Kd8 93.
Bc6 Kc7 94. Kd5 Kc8 95. Kd6 Kd8 96. Ne3 Kc8 97. Nd5 Kd8 98. Nc7 Kc8 99. Ne6 Kb8
100. Kc5 Ka7 101. Kb5 Kb8 102. Kb6 Kc8 103. Bb5 Kb8 104. Ba6 Ka8 105. Nc5 Kb8
106. Nd7+ Ka8 107. Bb7# 1-0

[Event "57th Capablanca Mem Elite"]
[Site "Havana CUB"]
[Date "2024.05.12"]
[Round "10.2"]
[White "Quesada Perez, Luis Ernesto"]
[Black "Albornoz Cabrera, Carlos Daniel"]
[Result "1/2-1/2"]
[WhiteTitle "GM"]
[BlackTitle "GM"]
[WhiteElo "2567"]
[BlackElo "2604"]
[WhiteFideId "3520773"]
[BlackFideId "3518736"]
[EventDate "2024.05.03"]

1. d4 d5 2. Nf3 Nf6 3. c3 e6 4. Bf4 Bd6 5. e3 c5 6. Nbd2 O-O 7. Bg3 Qc7 8. dxc5
Qxc5 9. Bd3 Nbd7 10. Qe2 Qb6 11. Bxd6 Qxd6 12. e4 dxe4 13. Nxe4 Nxe4 14. Qxe4
Nf6 15. Qe3 b6 16. O-O-O Qc7 17. Ne5 Bb7 18. Rhe1 Rfd8 19. Kb1 Rd6 20. Bc2 Rad8
21. Rxd6 Rxd6 22. g4 Nd7 23. g5 Nxe5 24. Qxe5 Qd8 25. h4 Bf3 26. Kc1 Bh5 27. f4
Rd5 28. Qe3 g6 29. b3 Qd6 30. Be4 Qa3+ 31. Kb1 Rd8 32. Bc2 Rd5 33. Be4 Rd8 34.
Bc2 Rd5 35. Qc1 Qd6 36. Qe3 1/2-1/2

[Event "57th Capablanca Mem Elite"]
[Site "Havana CUB"]
[Date "2024.05.12"]
[Round "10.3"]
[White "Ponomariov, Ruslan"]
[Black "Aryan, Chopra"]
[Result "1/2-1/2"]
[WhiteTitle "GM"]
[BlackTitle "GM"]
[WhiteElo "2646"]
[BlackElo "2630"]
[WhiteFideId "14103320"]
[BlackFideId "5084423"]
[EventDate "2024.05.03"]

1. e4 c5 2. c3 Nf6 3. e5 Nd5 4. d4 cxd4 5. Nf3 Nc6 6. cxd4 d6 7. Bc4 Nb6 8. Bb5
dxe5 9. Nxe5 Bd7 10. Nxd7 Qxd7 11. Nc3 e6 12. O-O Rd8 13. Be3 Be7 14. Qb3 O-O
15. Rfd1 Nd5 16. Nxd5 Qxd5 17. Qxd5 Rxd5 18. Bxc6 bxc6 19. Rdc1 Rc8 20. Rc4 1/2-1/2